De la organización judicial y de la codificación / (Record no. 151900)

MARC details
000 -LEADER
campo de control de longitud fija 00903nam a22002415i 4500
001 - NÚMERO DE CONTROL
campo de control 151900
003 - IDENTIFICADOR DE NÚMERO DE CONTROL
campo de control ES-MaACL
005 - FECHA Y HORA DE LA ÚLTIMA TRANSACCIÓN
campo de control 20230906204434.0
008 - DATOS DE LONGITUD FIJA--INFORMACIÓN GENERAL
campo de control de longitud fija 960409s1845 sp |||| | spa d
040 ## - FUENTE DE CATALOGACIÓN
Centro catalogador/agencia de origen CYL
Lengua de catalogación spa
Centro/agencia transcriptor CYL
080 ## - NÚMERO DE LA CLASIFICACIÓN DECIMAL UNIVERSAL
Número de la Clasificación Decimal Universal 347.97/.99
100 1# - ENTRADA PRINCIPAL--NOMBRE DE PERSONA
Nombre de persona Bentham, Jeremy.
9 (RLIN) 27787
245 10 - MENCIÓN DEL TÍTULO
Título De la organización judicial y de la codificación /
Mención de responsabilidad, etc. extractados de varias obras de Jeremías Bentham por E. Dumont.
260 ## - PUBLICACIÓN, DISTRIBUCIÓN, ETC.
Lugar de publicación, distribución, etc. Madrid :
Nombre del editor, distribuidor, etc. [s.n.],
Fecha de publicación, distribución, etc. 1845 (
Fabricante Imprenta de la Sociedad Literaria y Tipográfica)
300 ## - DESCRIPCIÓN FÍSICA
Extensión IX, 175, VIII, 66 p. ;
Dimensiones 22 cm.
490 1# - MENCIÓN DE SERIE
Mención de serie Biblioteca de Jurisprudencia y Legislación
597 ## - NOTA DE DESCRIPCIÓN FÍSICA
NOTA DE DESCRIPCIÓN FÍSICA Encuadernado con otras obras.
650 04 - PUNTO DE ACCESO ADICIONAL DE MATERIA--TÉRMINO DE MATERIA
Término de materia o nombre geográfico como elemento de entrada Administración de justicia.
9 (RLIN) 9620
700 1# - ENTRADA AGREGADA--NOMBRE PERSONAL
Nombre de persona Dumont, Etienne.
9 (RLIN) 126869
830 0# - PUNTO DE ACCESO ADICIONAL DE SERIE-TÍTULO UNIFORME
Título uniforme Biblioteca de Jurisprudencia y Legislación
9 (RLIN) 187709
852 ## - LOCALIZACIÓN
Ubicación ES-MaACL
Número de control de estantería E-13128(1)
Nota libre -- Enc. hol.
Holdings
Estatus retirado Estado de pérdida Estado de daño No para préstamo Colección Biblioteca de origen Biblioteca actual Ubicación en estantería Fecha de adquisición Total de préstamos Signatura topográfica completa Código de barras Visto por última vez Precio de reemplazo Tipo de ítem Koha
        Libros del s. XIX Biblioteca del Ateneo de Madrid Biblioteca del Ateneo de Madrid Depósito 2 17/01/2008   E-13128(1) 1158547 23/02/2023 23/02/2023 Libro impreso antiguo